[Event "Sabaneta op-B 1st"]
[Site "Sabaneta"]
[Date "2022.11.27"]
[Round "3"]
[White "Toro Ramirez, Samuel"]
[Black "Gil Giraldo, Oscar Leandro"]
[Result "1-0"]
[WhiteElo "1693"]
[BlackElo "1285"]
[PlyCount "107"]
[EventDate "2022.11.25"]
[EventType "swiss"]
[EventRounds "8"]
[EventCountry "COL"]
[SourceTitle "CBM 211 Extra"]
[Source "ChessBase"]
[SourceDate "2023.01.31"]
[SourceVersion "1"]
[SourceVersionDate "2023.01.31"]
[SourceQuality "1"]

1. e4 e5 2. Nf3 Nf6 3. Nxe5 Qe7 4. d4 Nc6 5. Nxc6 Qxe4+ 6. Qe2 dxc6 7. Bg5 Be7 8. Qxe4 Nxe4 9. Bxe7 Kxe7 10. Bd3 Bf5 11. Nd2 Rhe8 12. Bxe4 Bxe4 13. Nxe4 Kf8 14. f3 f5 15. 0-0 fxe4 16. fxe4+ Kg8 17. e5 Rad8 18. Rad1 c5 19. dxc5 Rxd1 20. Rxd1 Rxe5 21. Rd8+ Kf7 22. Rd7+ Re7 23. Rxe7+ Kxe7 24. Kf2 Ke6 25. c4 Ke5 26. Ke3 h5 27. g3 g5 28. h3 c6 29. b3 a5 30. a3 Kf5 31. Kd4 h4 32. gxh4 gxh4 33. Ke3 Ke5 34. a4 Kf5 35. Kf3 Ke5 36. Kg4 Kd4 37. Kxh4 Kc3 38. Kg5 Kxb3 39. h4 Kxa4 40. h5 Kb3 41. h6 a4 42. h7 a3 43. h8Q a2 44. Qd4 Kc2 45. Kf6 Kb1 46. Qd1+ Kb2 47. Qd2+ Kb1 48. Qb4+ Kc1 49. Qa3+ Kb1 50. Qb3+ Ka1 51. Ke5 b5 52. cxb6 c5 53. Qd1+ Kb2 54. b7 1-0